000 00479nam a22001697a 4500
003 CEME
005 20210628210529.0
008 210209b xxu||||| |||| 00| 0 eng d
040 _c.
082 _a658.409 BHA
100 _aBhan, Kiran Sumbali
_979818
245 _aStress management coping with the military situatio
260 _aRAWALPINDI
_bARMY EDUCATION PRESS
_c2000
300 _a104P
650 _aMANIFESTATION OF STRESS EMOTION AND STRESS
_979819
942 _cBK
_2ddc
999 _c584811
_d584811